000 00288nam a22001337a 4500
008 170821b xxu||||| |||| 00| 0 eng d
020 _a9780558978549
041 _aeng
080 _a51
100 _a37
101 _aMAT
245 _aCOLLEGE ALGEBRA
_cBITTINGER.M.L
942 _2udc
_cBK
999 _c24349
_d24349